LIBRARY & INFORMATION CENTRE, KCAET, TAVANUR

ONLINE PUBLIC ACCESS CATALOGUE (OPAC)

Development of a filter system for roof water harvesting (Record no. 15170)

MARC details
000 -LEADER
fixed length control field 00648nam a22001817a 4500
003 - CONTROL NUMBER IDENTIFIER
control field OSt
088 ## - REPORT NUMBER
Report number T 293
100 ## - MAIN ENTRY--AUTHOR NAME
Personal name SHIJILA ERIKOTTIL
245 ## - TITLE STATEMENT
Title Development of a filter system for roof water harvesting
260 ## - PUBLICATION, DISTRIBUTION, ETC. (IMPRINT)
Place of publication Tavanur 2014
Name of publisher DEPARTMENT OF LAND &WATER RESOURCES AND CONSERVATION ENGINEERING
300 ## - PHYSICAL DESCRIPTION
Number of Pages 86
500 ## - GENERAL NOTE
General note Development of a filter system for roof water harvesting
520 ## - SUMMARY, ETC.
Summary, etc Development of a filter system for roof water harvesting
700 ## - ADDED ENTRY--PERSONAL NAME
Personal name Dr. Sathian K. K (Guide)
856 ## - ELECTRONIC LOCATION AND ACCESS
Uniform Resource Identifier https://drive.google.com/open?id=1IUAGWT1E_nfnMdnQmKwXlS8i-eDaClrO
942 ## - ADDED ENTRY ELEMENTS (KOHA)
Koha item type Theses
Holdings
Collection code Home library Current library Shelving location Full call number Accession Number Koha item type Public note
Reference KAUAET KAUAET Reference 631.75807 SHI/DE T 293 Theses M.Tech Thesis
free website counter